| 000 | 01445nam a2200241Ia 4500 | ||
|---|---|---|---|
| 999 |
_c38187 _d38187 |
||
| 001 | 4177 | ||
| 003 | GE_BSU | ||
| 005 | 20190917143855.0 | ||
| 008 | 181216s1964||||ge |||||||||||||| ||geo|| | ||
| 040 | _cGE_BSU | ||
| 041 | _ageo | ||
| 080 | _a398(479.22)+821.353.1 უ–43 | ||
| 100 |
_aუმიკაშვილი, პეტრე _94061 |
||
| 245 |
_aხალხური სიტყვიერება ოთხ ტომად : _bტ.2 : პოეზია: სატრფიალო ლექსები, სასიმღერო ლექსები, აფორიზმები, შეგონებანი, შაირები, ანდაზები. _cსაქ. სსრ მეცნ. აკად., შ. რუსთაველის სახ. ქართული ლიტერატურის ინ-ტი ; რედ. მ. ჩიქოვანი. |
||
| 250 | _aმე–2 გამოცემა | ||
| 264 |
_a თბილისი : _bლიტერატურა და ხელოვნება, _c1964. |
||
| 300 |
_a322 გვ. ; _b21 სმ. |
||
| 653 | _aპოეზია | ||
| 653 | _aსატრფიალო ლექსები | ||
| 700 |
_aჩიქოვანი, მ. _eრედაქტორი _93977 |
||
| 710 |
_aსაქ. სსრ მეცნ. აკად.; _bქართ. ლიტერატურის ინ-ტი _93979 |
||
| 942 |
_cBK _2udc |
||